000 00799nam a2200253 i 4500
001 17424
003 ES-MaACL
005 20250815151542.0
007 t|
008 010305s2000 sp a |||| | spa d
020 _a84-493-0839-9
080 _a7.01
100 1 _aPanofsky, Erwin.
_988811
245 1 0 _aSobre el estilo
_b: tres ensayos inéditos /
_cErwin Panofsky ; editado por Irving Lavin ; con una memoria de William S. Heckscher.
260 _aBarcelona :
_bPaidós Ibérica,
_c[2000]
300 _a251 p. :
_bil. ;
_c21 cm.
490 1 _aPaidós estética ;
_v28
650 4 _aEstética.
_9142387
700 1 _aLavin, Irving.
_970725
700 1 _aHeckscher, William S.
_962286
830 0 0 _aPaidós estética
_v28
_9180302
852 _aES-MaACL
_jL-24389
999 _c17424
_d17424